| 000 | 01238nam a2200409 a 4500 | ||
|---|---|---|---|
| 003 | AR-BaBNM | ||
| 005 | 20251128205404.0 | ||
| 008 | 082120s2002 ||||||||||||||000 | spa|| | ||
| 020 | _a950-03-8377-2 | ||
| 040 | _cAR-BaBNM | ||
| 245 | 0 | 0 |
_aCultura, política y currículo _bensayos sobre la crisis de la escuela pública |
| 250 | _a1ª ed. | ||
| 260 |
_aBuenos Aires _bLosada _c1997 |
||
| 300 | _a172 p. | ||
| 490 | 0 | _aBiblioteca pedagógica | |
| 504 | _aContiene bibliografía al final de cada capítulo | ||
| 650 | 4 | _aESCUELAS PUBLICAS | |
| 650 | 4 | _aFINALIDADES DE LA EDUCACION | |
| 650 | 4 | _aPOLITICA EDUCATIVA | |
| 650 | 4 | _aCULTURA | |
| 650 | 4 | _aCURRICULO | |
| 650 | 4 | _aIDENTIDAD | |
| 650 | 4 | _aTEORIA DE LA EDUCACION | |
| 650 | 4 | _aOBJETIVOS EDUCACIONALES | |
| 650 | 4 | _aMETAS EDUCACIONALES | |
| 650 | 4 | _aDIFERENCIACION SOCIAL | |
| 650 | 4 | _aDIFERENCIACION CULTURAL | |
| 650 | 4 | _aCALIDAD DE LA EDUCACION | |
| 653 | _aNEOLIBERALISMO | ||
| 700 | 1 |
_aGentili, Pablo A. _ecompilador |
|
| 700 | 1 |
_aApple, Michael W. _ecolaborador |
|
| 700 | 1 |
_aTadeu da Silva, Tomaz _ecolaborador |
|
| 700 | 1 |
_aBeremblum, Andrea S. _etraductor |
|
| 800 | 1 |
_aTenti Fanfani, Emilio _edirector |
|
| 942 | _cBK | ||
| 998 | _cSILVI | ||
| 999 |
_c11214 _d11214 |
||